|
|
|
|
| LEADER |
00000nam0a2200000 4500 |
| 001 |
219996 |
| 005 |
20241112063152.0 |
| 010 |
|
|
|a 5742401841
|
| 035 |
|
|
|a (RuTPU)RU\TPU\book\240106
|
| 090 |
|
|
|a 219996
|
| 100 |
|
|
|a 20120806d1988 m y0rusy50 ca
|
| 101 |
0 |
|
|a rus
|
| 102 |
|
|
|a RU
|
| 105 |
|
|
|a a z 001ay
|
| 200 |
1 |
|
|a Мастер и Маргарита. Собачье сердце. Роковые яйца
|e Роман. Повести
|f М. А. Булгаков
|g авт. предисл. Е. Сидоров
|
| 210 |
|
|
|a Иркутск
|c Восточно-Сибирское кн. изд-во
|d 1988
|
| 215 |
|
|
|a 557 с.
|c ил., портр.
|
| 606 |
1 |
|
|a Русская литература современная
|2 stltpush
|3 (RuTPU)RU\TPU\subj\26373
|9 50316
|
| 610 |
1 |
|
|a художественная литература
|
| 610 |
1 |
|
|a романы
|
| 610 |
1 |
|
|a повести
|
| 610 |
1 |
|
|a 20 век
|
| 675 |
|
|
|a Р2
|v 3
|
| 700 |
|
1 |
|a Булгаков
|b М. А.
|c русский писатель
|f 1891-1940
|g Михаил Афанасьевич
|2 stltpush
|3 (RuTPU)RU\TPU\pers\984
|9 436
|
| 702 |
|
1 |
|a Сидоров
|b Е.
|4 080
|
| 801 |
|
1 |
|a RU
|b 63413507
|c 20120806
|
| 801 |
|
2 |
|a RU
|b 63413507
|c 20220119
|g RCR
|
| 942 |
|
|
|c BK
|